Statistics for Lyrics that Mention Mothers

Click here to take the quiz!

General Stats

  • This quiz has been taken 9 times
  • The average score is 3 of 20

Answer Stats

Hint Answer % Correct
_____ ___ ____ _ __ _____ / My my, how can I resist you?Mamma mia, here I go again
63%
His palms are sweaty, knees weak, arms are heavy / There's vomit on his sweater already, ____ _________Mom's spaghetti
63%
I saw _____ _______ _____ _____ / Underneath the mistletoe last nightMommy kissing Santa Claus
63%
____ ____ / _____ ____ __ ____ ___ ___ If I'm not back again this time tomorrow / Carry on, carry onMama, oooo / Didn't mean to make you cry
50%
____ _ ___ _____ _____ ___ __ _____ ____ __ / "Go make yourself some friends or you'll be lonely"Once I was seven years old, my momma told me
25%
____ __ ____ ___ ____ __ ____ _____ _____ ____ ____ / She says, "Boys like a little more booty to hold at night"Yeah, my mama she told me "Don't worry about your size"
25%
By the hand, ____ __ __ ___ ____ ______ ____ / Come and dance with your daddy all night longTake me by the hand pretty mama
13%
__ ____ ____ ____ ___ ___ ___ _____ ________ / And I never like to admit that I was wrongMy mama don't like you and she likes everyone
13%
Girls become lovers who turn into mothers / So _______ __ ____ __ ____ _________ ___Mothers, be good to your daughters, too
0%
______ ______ __ ___ ______, I know you're bold enough / I've been around the world and I have seen your loveMother Russia, do not suffer
0%
______ ___ ___ ___ __ ____ __ / She's all that I want and I've waited so longStacy's mom has got it goin' on
0%
____ ____ ____ _____ and you're daddy don't rock and rollYour mama don't dance
0%
Everywhere I go people stop and they see / Twenty five years old, __ ______ ___ ____ __ ____My mother God rest her soul
0%
____ _____ ____ _ ____ __ ___ ____ / She said, "Sonny, move out to the country"Mama Leone left a note on the door
0%
__ _____ ____ __ ____ ____ ___ / 'Cause the best luck I had was youMy momma told me don't lose you
0%
______ ____ __ ___ ___ ____ __ __ ____ _____ ____ ___ / She also told me, "Stay away.You'll never know what you'll catch"Mother told me, yes she told me I'd meet girls like you
0%
And though she's not really ill / There's a little yellow pill / ___ ____ _______ ___ ___ _______ __ _ _______ ______ ______She goes running for the shelter of a mother's little helper
0%
Why, I don't cry when my dog runs away / I don't get angry at the bills I have to pay / I don't get angry ____ __ ___ ______ ___When my mom smokes pot
0%
Got all the curves that men like, look at her! / ____ _ ___ ____ ____ / Just as fine as she can beShe's a bad mama jama
0%
Wish we could turn back time, to the good ol’ days / ____ ___ _____ ____ __ __ _____ but now we're stressed outWhen our momma sang us to sleep
0%

Score Distribution

Percentile by Number Answered

Percent of People with Each Score

Your Score History

You have not taken this quiz